[Event "4NCL Online Division 6"]
[Site "online"]
[Date "2021.03.23"]
[EventDate "2021.03.23"]
[Round "5.71"]
[White "Janota, Paul S"]
[WhiteElo "1795"]
[WhiteTeam "Maidenhead 2"]
[Black "Tait, Bill"]
[BlackElo "1707"]
[BlackTeam "Bradford DCA Knights C"]
[Result "1-0"]
[PlyCount "99"]

1. d4 d5 2. e3 Nf6 3. Bd3 e6 4. Nd2 Nbd7 5. f4 c5 6. c3 c4 7. Bc2 Be7 8. Ngf3 b6 9. Ne5 Bb7 10. O-O Qc7 11. Qe2 b5 12. e4 dxe4 13. Nxe4 Bxe4 14. Bxe4 Nxe4 15. Qxe4 O-O 16. Bd2 Nxe5 17. fxe5 Qd7 18. Rae1 Rae8 19. Qg4 f5 20. exf6 Bxf6 21. Rf3 Rf7 22. Ref1 Ref8 23. h4 Bd8 24. h5 Rxf3 25. Rxf3 Rxf3 26. Qxf3 Bf6 27. Qg4 Qd5 28. h6 Qf5 29. Qg3 Qb1+ 30. Kh2 Qg6 31. Qb8+ Kf7 32. Qxa7+ Be7 33. hxg7 Qxg7 34. Bf4 Qg6 35. Bd6 Qh5+ 36. Kg1 Qg5 37. Qxe7+ Qxe7 38. Bxe7 Kxe7 39. Kf2 Kd6 40. g4 e5 41. Ke3 Ke6 42. Ke4 exd4 43. Kxd4 Kf6 44. Kc5 Kg5 45. Kxb5 Kxg4 46. a4 h5 47. a5 h4 48. a6 h3 49. a7 h2 50. a8=Q 1-0

[Event "4NCL Online Division 6"]
[Site "online"]
[Date "2021.03.23"]
[EventDate "2021.03.23"]
[Round "5.72"]
[White "Holliday, John K"]
[WhiteElo "1649"]
[WhiteTeam "Bradford DCA Knights C"]
[Black "Castaneda, William"]
[BlackElo "1653"]
[BlackTeam "Maidenhead 2"]
[Result "1/2-1/2"]
[PlyCount "97"]

1. e4 e5 2. Nf3 Nc6 3. d4 exd4 4. c3 d3 5. Bxd3 Bc5 6. O-O d6 7. b4 Bb6 8. a4 a6 9. Nbd2 Bg4 10. Bb2 Qf6 11. Qc2 Ne5 12. Nxe5 dxe5 13. Nc4 Ba7 14. Ne3 Be6 15. Rae1 Ne7 16. Kh1 Ng6 17. Nd5 Qd8 18. c4 c6 19. Ne3 Bxe3 20. Rxe3 O-O 21. Rd1 Qc7 22. c5 Rad8 23. g3 Qe7 24. h4 h5 25. Qe2 Bg4 26. f3 Be6 27. Rg1 Rd7 28. Bc2 Rfd8 29. Bc3 Kf8 30. Qf2 Kg8 31. f4 Bg4 32. f5 Nf8 33. a5 Nh7 34. Rf1 Nf6 35. Qe1 Bh3 36. Rg1 Bg4 37. Qa1 Re8 38. Qe1 Red8 39. Qa1 Re8 40. Qe1 Kf8 41. Qa1 Bh3 42. Re2 Bg4 43. Rf2 Red8 44. Re1 Re8 45. Kg2 Ng8 46. Bb3 Nf6 47. Bc2 Ng8 48. Bb3 Nf6 49. Bc2 1/2-1/2

[Event "4NCL Online Division 6"]
[Site "online"]
[Date "2021.03.23"]
[EventDate "2021.03.23"]
[Round "5.73"]
[White "Grayson, Charles"]
[WhiteElo "1500"]
[WhiteTeam "Maidenhead 2"]
[Black "Redmond, Nigel"]
[BlackElo "1600"]
[BlackTeam "Bradford DCA Knights C"]
[Result "1/2-1/2"]
[PlyCount "80"]

1. e4 d5 2. exd5 Nf6 3. c4 e6 4. Nc3 c6 5. Nf3 Bb4 6. Bd3 Bxc3 7. dxc3 cxd5 8. O-O dxc4 9. Bxc4 Qxd1 10. Rxd1 O-O 11. Bf4 a6 12. a4 Nc6 13. b4 Ne4 14. Rd3 h6 15. h4 Kh7 16. Re1 Nf6 17. Ne5 Nxe5 18. Bxe5 Nd7 19. Bd4 Nf6 20. f3 Nd5 21. Bc5 Rg8 22. Bxd5 exd5 23. Rxd5 Be6 24. Rd3 Rad8 25. Red1 Rc8 26. Bd4 Bb3 27. Ra1 Rge8 28. Ra3 Bc4 29. Re3 Rxe3 30. Bxe3 Rd8 31. Ra1 Kg6 32. g4 Rd3 33. Kf2 Rxc3 34. Rc1 Rxc1 35. Bxc1 b5 36. a5 f5 37. h5+ Kf6 38. Bb2+ Kf7 39. gxf5 Bd3 40. Ke3 Bxf5 1/2-1/2

[Event "4NCL Online Division 6"]
[Site "online"]
[Date "2021.03.23"]
[EventDate "2021.03.23"]
[Round "5.74"]
[White "Gallagher, Dominic"]
[WhiteElo "1590"]
[WhiteTeam "Bradford DCA Knights C"]
[Black "Koppuravuri, Shrihan"]
[BlackElo "1475"]
[BlackTeam "Maidenhead 2"]
[Result "1/2-1/2"]
[PlyCount "108"]

1. d4 d5 2. Bf4 Nf6 3. e3 Nc6 4. c4 e6 5. Nc3 Bb4 6. a3 Bxc3+ 7. bxc3 O-O 8. Nf3 h6 9. Qc2 Bd7 10. Be2 Na5 11. cxd5 exd5 12. Ne5 Nc6 13. O-O Nxe5 14. Bxe5 Ng4 15. Bg3 Nf6 16. Bh4 Qe7 17. Qb3 Bc6 18. Bxf6 Qxf6 19. Bf3 Rad8 20. Rfe1 a6 21. e4 dxe4 22. Bxe4 Rfe8 23. f3 Qd6 24. Qb4 Qf6 25. Qb2 Qd6 26. Qb4 Qf6 27. Qc5 Qd6 28. Qxd6 Rxd6 29. Bxc6 Rxe1+ 30. Rxe1 Rxc6 31. Re8+ Kh7 32. Re3 b5 33. Kf2 Kg6 34. Ke2 Rc4 35. Kd2 Kf6 36. Kc2 Ra4 37. Kb3 Rc4 38. g3 a5 39. Re5 a4+ 40. Kb2 c6 41. f4 Kg6 42. d5 f6 43. d6 fxe5 44. d7 exf4 45. d8=Q fxg3 46. hxg3 Kh7 47. Qd7 Kg6 48. g4 Kf6 49. Qf5+ Ke7 50. Qg6 Kf8 51. g5 hxg5 52. Qxg5 Kf7 53. Qf5+ Kg8 54. Qg6 Kh8 1/2-1/2

[Event "4NCL Online Division 6"]
[Site "online"]
[Date "2021.03.23"]
[EventDate "2021.03.23"]
[Round "5.81"]
[White "Elwin, Adrian G"]
[WhiteElo "1956"]
[WhiteTeam "MK Phoenix 3"]
[Black "Chapman, Chas"]
[BlackElo "1566"]
[BlackTeam "War & Piece 2"]
[Result "1-0"]
[PlyCount "43"]

1. d4 Nf6 2. c4 h6 3. Nc3 d6 4. Nf3 g6 5. e4 Bg7 6. h3 b6 7. Be3 Bb7 8. Bd3 O-O 9. Qd2 Kh7 10. Nh2 c5 11. d5 e6 12. Ng4 exd5 13. exd5 Re8 14. O-O-O h5 15. Nxf6+ Bxf6 16. g4 h4 17. Ne4 Bg7 18. Bg5 Qd7 19. Bxh4 Re5 20. Nf6+ Bxf6 21. Bxf6 Re8 22. Qg5 1-0

[Event "4NCL Online Division 6"]
[Site "online"]
[Date "2021.03.23"]
[EventDate "2021.03.23"]
[Round "5.82"]
[White "Thomas, Jacob"]
[WhiteElo "1452"]
[WhiteTeam "War & Piece 2"]
[Black "Habershon, Paul F"]
[BlackElo "1948"]
[BlackTeam "MK Phoenix 3"]
[Result "0-1"]
[PlyCount "68"]

1. e4 Nf6 2. e5 Nd5 3. c4 Nb6 4. b3 d6 5. exd6 exd6 6. Bb2 Nc6 7. d4 Be7 8. Bd3 O-O 9. Ne2 Bg4 10. Qc2 g6 11. O-O Nb4 12. Qd2 Nxd3 13. Qxd3 Bxe2 14. Qxe2 Re8 15. Qf3 c6 16. d5 cxd5 17. cxd5 Nd7 18. Nd2 Bf6 19. Bxf6 Qxf6 20. Ne4 Qe5 21. Nc3 Rac8 22. Rac1 Rc5 23. g3 Rec8 24. Ne2 Rxc1 25. Rxc1 Rxc1+ 26. Nxc1 Qe1+ 27. Kg2 Qxc1 28. Qg4 Ne5 29. Qb4 Qc7 30. f4 Ng4 31. Qe4 Qc2+ 32. Kf3 Nxh2+ 33. Ke3 Nf1+ 34. Kf3 Nd2+ 0-1

[Event "4NCL Online Division 6"]
[Site "online"]
[Date "2021.03.23"]
[EventDate "2021.03.23"]
[Round "5.83"]
[White "Valentine, Brian J"]
[WhiteElo "1922"]
[WhiteTeam "MK Phoenix 3"]
[Black "O'Neill, Stephen G"]
[BlackElo "1423"]
[BlackTeam "War & Piece 2"]
[Result "1-0"]
[PlyCount "61"]

1. e4 c5 2. Nf3 Nc6 3. Bb5 e6 4. O-O g6 5. Re1 Nge7 6. c3 a6 7. Bf1 d5 8. exd5 exd5 9. d4 cxd4 10. Nxd4 Bg7 11. Bg5 f6 12. Be3 O-O 13. Nd2 f5 14. N4f3 b6 15. Nb3 f4 16. Bd4 Nxd4 17. Nbxd4 Nf5 18. Qd2 Nxd4 19. Nxd4 Qg5 20. Ne6 Bxe6 21. Rxe6 b5 22. a4 Qf5 23. Rd6 Be5 24. Qxd5+ Kg7 25. Re6 Rfe8 26. Rxe8 Rxe8 27. axb5 axb5 28. Bxb5 f3 29. Qb7+ Kf8 30. Bxe8 Kxe8 31. Ra8+ 1-0

[Event "4NCL Online Division 6"]
[Site "online"]
[Date "2021.03.23"]
[EventDate "2021.03.23"]
[Round "5.84"]
[White "Blair, Jimmy"]
[WhiteElo "1373"]
[WhiteTeam "War & Piece 2"]
[Black "Whiteside, Robert"]
[BlackElo "1876"]
[BlackTeam "MK Phoenix 3"]
[Result "0-1"]
[PlyCount "76"]

1. e4 e5 2. Nf3 Nc6 3. Bc4 Nf6 4. Ng5 d5 5. exd5 Na5 6. Bb5+ c6 7. dxc6 bxc6 8. Ba4 h6 9. Nf3 e4 10. Ne5 Qd4 11. Bxc6+ Nxc6 12. Nxc6 Qc5 13. Nxa7 Qxa7 14. O-O Bc5 15. Nc3 O-O 16. d3 Ba6 17. Qe1 exd3 18. Ne4 Nxe4 19. Qxe4 Rfe8 20. Qg4 Bxf2+ 21. Kh1 Re6 22. Bf4 dxc2 23. Rfc1 Rg6 24. Qh3 Bb7 25. Rxc2 Bxg2+ 26. Qxg2 Rxg2 27. Kxg2 Be3 28. Bg3 Qb7+ 29. Kh3 Qd7+ 30. Kg2 Qd5+ 31. Kf1 Qh1+ 32. Ke2 Qxa1 33. Kxe3 Re8+ 34. Kd3 Qd1+ 35. Rd2 Rd8+ 36. Kc3 Qxd2+ 37. Kb3 Rb8+ 38. Ka3 Qa5# 0-1

[Event "4NCL Online Division 6"]
[Site "online"]
[Date "2021.03.23"]
[EventDate "2021.03.23"]
[Round "5.91"]
[White "Davies, Adrian"]
[WhiteElo "1676"]
[WhiteTeam "Morriston Benko"]
[Black "Rodrigo, Y Jan"]
[BlackElo "1799"]
[BlackTeam "Camborne Pendarves"]
[Result "1-0"]
[PlyCount "58"]

1. e4 d6 2. d3 Nc6 3. g3 e5 4. Bg2 Nf6 5. Ne2 Be7 6. O-O Bg4 7. h3 Bh5 8. c3 Qd7 9. Kh2 h6 10. Be3 g5 11. Qc2 O-O-O 12. b4 Rdg8 13. Ng1 Kb8 14. Qa4 b6 15. Na3 Kb7 16. c4 Ne8 17. c5 g4 18. b5 Nb8 19. c6+ Nxc6 20. Qa6+ Kb8 21. bxc6 Qxc6 22. Rac1 Qb7 23. Qc4 gxh3 24. Nxh3 d5 25. exd5 Bxa3 26. d6 Bf3 27. dxc7+ Kc8 28. Bxf3 Qxf3 29. Qa6+ Qb7 1-0

[Event "4NCL Online Division 6"]
[Site "online"]
[Date "2021.03.23"]
[EventDate "2021.03.23"]
[Round "5.92"]
[White "Smith, Richard AL"]
[WhiteElo "1728"]
[WhiteTeam "Camborne Pendarves"]
[Black "Smith, Andrew R"]
[BlackElo "1692"]
[BlackTeam "Morriston Benko"]
[Result "0-1"]
[PlyCount "52"]

1. e4 e5 2. f4 d5 3. exd5 exf4 4. Nf3 Nf6 5. Bb5+ c6 6. dxc6 Nxc6 7. Bxc6+ bxc6 8. d4 Bd6 9. O-O O-O 10. Ne5 Bxe5 11. dxe5 Qb6+ 12. Kh1 Ng4 13. Qf3 Nxe5 14. Qxf4 Ng6 15. Qe3 Qb5 16. Re1 Ba6 17. Nc3 Qf5 18. Qe4 Rae8 19. Qxe8 Rxe8 20. Rxe8+ Nf8 21. Be3 Qd7 22. Ra8 Qb7 23. Rxa7 Qxb2 24. Rd1 Qxc3 25. Bg1 Qxc2 26. Rd8 Bf1 0-1

[Event "4NCL Online Division 6"]
[Site "online"]
[Date "2021.03.23"]
[EventDate "2021.03.23"]
[Round "5.93"]
[White "Williams, Luke"]
[WhiteElo "1642"]
[WhiteTeam "Morriston Benko"]
[Black "Macphail, Kieran"]
[BlackElo "1659"]
[BlackTeam "Camborne Pendarves"]
[Result "0-1"]
[PlyCount "62"]

1. e4 c5 2. c3 Nf6 3. e5 Nd5 4. d4 cxd4 5. cxd4 d6 6. Nf3 dxe5 7. Nxe5 Nc6 8. Bb5 Qa5+ 9. Nc3 Nxc3 10. Bxc6+ bxc6 11. bxc3 Qxc3+ 12. Bd2 Qxd4 13. Nxc6 Qe4+ 14. Be3 Qxc6 15. O-O Bb7 16. Qg4 g6 17. Rfd1 Bg7 18. Rac1 Bc8 19. Qb4 Qe6 20. Qb5+ Bd7 21. Qb7 Rd8 22. Rc7 O-O 23. Rdxd7 Rb8 24. Qf3 Rb1+ 25. Rd1 Rfb8 26. Rxa7 Qd6 27. Rd7 Qxd7 28. Rf1 Rxf1+ 29. Kxf1 Qd3+ 30. Ke1 Rb1+ 31. Qd1 Rxd1# 0-1

[Event "4NCL Online Division 6"]
[Site "online"]
[Date "2021.03.23"]
[EventDate "2021.03.23"]
[Round "5.94"]
[White "Pope, Martin"]
[WhiteElo "1651"]
[WhiteTeam "Camborne Pendarves"]
[Black "Giannini, John"]
[BlackElo "850"]
[BlackTeam "Morriston Benko"]
[Result "1-0"]
[PlyCount "57"]

1. Nf3 Nc6 2. d4 Nf6 3. c4 d5 4. cxd5 Nxd5 5. Nc3 e6 6. g3 Bb4 7. Bd2 Nxc3 8. bxc3 Be7 9. e4 O-O 10. Bg2 e5 11. d5 Nb8 12. Nxe5 Bf6 13. Nd3 Qd6 14. O-O Na6 15. f4 Nc5 16. Be3 b6 17. Nxc5 bxc5 18. e5 Bxe5 19. fxe5 Qxe5 20. Qd3 Qd6 21. Bf4 Qd8 22. Bxc7 Qxc7 23. d6 Qd7 24. Bxa8 Bb7 25. Bxb7 Qxb7 26. d7 Rd8 27. Rfe1 h6 28. Re8+ Rxe8 29. dxe8=Q# 1-0

[Event "4NCL Online Division 6"]
[Site "online"]
[Date "2021.03.23"]
[EventDate "2021.03.23"]
[Round "5.101"]
[White "Marshall, Duncan"]
[WhiteElo "1649"]
[WhiteTeam "Hertford 3"]
[Black "Wilkinson, James P"]
[BlackElo "1660"]
[BlackTeam "Shropshire 5"]
[Result "1/2-1/2"]
[PlyCount "81"]

1. d4 Nf6 2. e3 d5 3. Bd3 c5 4. c3 Nc6 5. Nd2 g6 6. f4 Bg7 7. Ngf3 Bg4 8. O-O O-O 9. Qe1 Bxf3 10. Rxf3 cxd4 11. exd4 Nd7 12. Rh3 f5 13. Nf3 Nf6 14. Ng5 Qd7 15. Ne6 Rf7 16. Nxg7 Rxg7 17. Be3 Ne4 18. Qh4 e6 19. Rf1 Qe7 20. Qh6 Nd8 21. Rff3 Nf7 22. Qh4 Qxh4 23. Rxh4 Nfd6 24. Rf1 Rc8 25. Rh3 Nf6 26. Be2 Nde4 27. Rhf3 a6 28. Bd3 Ng4 29. Re1 Ngf6 30. Bf2 Nxf2 31. Rxf2 Ne4 32. Bxe4 dxe4 33. Rd2 Rd7 34. Kf2 b5 35. a3 Kf7 36. Red1 Rd5 37. Ke3 Kf6 38. h4 Rcd8 39. Rc1 Rc8 40. Rdc2 Rd7 41. Rd2 1/2-1/2

[Event "4NCL Online Division 6"]
[Site "online"]
[Date "2021.03.23"]
[EventDate "2021.03.23"]
[Round "5.102"]
[White "Hilditch-Love, Daniel"]
[WhiteElo "1626"]
[WhiteTeam "Shropshire 5"]
[Black "Hutton, Allan"]
[BlackElo "1563"]
[BlackTeam "Hertford 3"]
[Result "1-0"]
[PlyCount "47"]

1. Nf3 d5 2. c4 e6 3. g3 Nf6 4. d4 c6 5. Bg2 h6 6. Nc3 dxc4 7. Ne5 Nbd7 8. Nxc4 Nd5 9. e4 Nxc3 10. bxc3 Nb6 11. Ne5 Bd7 12. O-O Be7 13. Qh5 Rf8 14. a4 Bf6 15. Ba3 Be7 16. Bxe7 Qxe7 17. a5 Nc8 18. f4 Nd6 19. d5 cxd5 20. exd5 Rb8 21. Nxd7 Kxd7 22. dxe6+ Qxe6 23. Rfe1 Qf5 24. Bh3 1-0

[Event "4NCL Online Division 6"]
[Site "online"]
[Date "2021.03.23"]
[EventDate "2021.03.23"]
[Round "5.103"]
[White "Zsibrita, Steve"]
[WhiteElo "1485"]
[WhiteTeam "Hertford 3"]
[Black "Salter, Ivor"]
[BlackElo "1555"]
[BlackTeam "Shropshire 5"]
[Result "0-1"]
[PlyCount "70"]

1. d4 Nf6 2. e3 d5 3. Bd3 g6 4. f4 Bg7 5. Nf3 Bg4 6. O-O Nbd7 7. c3 c6 8. Nbd2 O-O 9. h3 Bxf3 10. Nxf3 Ne4 11. Bxe4 dxe4 12. Nd2 Nf6 13. b3 e6 14. Ba3 Re8 15. Nc4 Nd5 16. Qe1 Qc7 17. Bd6 Qd7 18. Be5 f6 19. Nd6 fxe5 20. Nxe8 Rxe8 21. fxe5 Bh6 22. c4 Nxe3 23. Rf2 Qxd4 24. Kh1 Qxe5 25. Re2 Rf8 26. Rxe3 Bxe3 27. Rd1 Bd4 28. Qe2 Rf2 29. Qg4 Rxa2 30. g3 Rf2 31. h4 c5 32. b4 b6 33. bxc5 bxc5 34. Rb1 e3 35. Re1 Qf5 0-1

[Event "4NCL Online Division 6"]
[Site "online"]
[Date "2021.03.23"]
[EventDate "2021.03.23"]
[Round "5.104"]
[White "Jones, Andrew"]
[WhiteElo "1506"]
[WhiteTeam "Shropshire 5"]
[Black "Lynch, Mark"]
[BlackElo "1447"]
[BlackTeam "Hertford 3"]
[Result "1-0"]
[PlyCount "37"]

1. c4 e6 2. d4 d5 3. Nc3 Nf6 4. Nf3 Nc6 5. Bg5 Be7 6. e3 O-O 7. a3 h6 8. Bh4 dxc4 9. Bxc4 Nd5 10. Bxe7 Ncxe7 11. O-O Nxc3 12. bxc3 Nd5 13. Qd3 c6 14. Bb3 f5 15. Ne5 Qe8 16. Rab1 Kh7 17. Bd1 g6 18. c4 Nf6 19. c5 1-0

[Event "4NCL Online Division 6"]
[Site "online"]
[Date "2021.03.23"]
[EventDate "2021.03.23"]
[Round "5.111"]
[White "Clark, Richard"]
[WhiteElo "1885"]
[WhiteTeam "Cornish Pirates"]
[Black "Oates, Thomas"]
[BlackElo "1645"]
[BlackTeam "Jan Luke's Cyberwarriors"]
[Result "1-0"]
[PlyCount "59"]

1. d3 d5 2. Nf3 g6 3. g3 Bg7 4. Bg2 c5 5. c3 Nc6 6. O-O Qb6 7. Qb3 Nf6 8. Bf4 O-O 9. Ne5 Rd8 10. Nd2 Nh5 11. Nxc6 Qxc6 12. Be3 Qd6 13. d4 b6 14. dxc5 bxc5 15. Rfd1 Rb8 16. Qa3 d4 17. Ne4 Qb6 18. Bc1 Bb7 19. Nxc5 Bxg2 20. Kxg2 dxc3 21. Rxd8+ Rxd8 22. bxc3 Bxc3 23. Qxc3 Qc6+ 24. f3 Rc8 25. Bb2 Nf6 26. Rc1 Qb5 27. Rc2 Qb6 28. Qe5 Qc6 29. g4 a5 30. g5 1-0

[Event "4NCL Online Division 6"]
[Site "online"]
[Date "2021.03.23"]
[EventDate "2021.03.23"]
[Round "5.112"]
[White "Nancarrow, Richard"]
[WhiteElo "1546"]
[WhiteTeam "Jan Luke's Cyberwarriors"]
[Black "JimÃ©nez PatiÃ±o, Manuel David"]
[BlackElo "1704"]
[BlackTeam "Cornish Pirates"]
[Result "1/2-1/2"]
[PlyCount "49"]

1. d4 c5 2. c3 d5 3. Bf4 e6 4. e3 Nf6 5. Bg3 Nc6 6. Bb5 Bd7 7. Nd2 a6 8. Be2 Be7 9. Nb3 b6 10. Nd2 O-O 11. Ngf3 cxd4 12. Nxd4 Nxd4 13. exd4 b5 14. O-O Rc8 15. a3 Ne8 16. Nf3 Nd6 17. Bd3 Nc4 18. Bxc4 bxc4 19. Ne5 f6 20. Nxd7 Qxd7 21. Qe2 Bd6 22. Bxd6 Qxd6 23. Rfe1 Rfe8 24. Qg4 Rb8 25. Rab1 1/2-1/2

[Event "4NCL Online Division 6"]
[Site "online"]
[Date "2021.03.23"]
[EventDate "2021.03.23"]
[Round "5.113"]
[White "Robinson, Neil"]
[WhiteElo "1657"]
[WhiteTeam "Cornish Pirates"]
[Black "Spargo, Philip J"]
[BlackElo "1438"]
[BlackTeam "Jan Luke's Cyberwarriors"]
[Result "1-0"]
[PlyCount "91"]

1. d4 d5 2. c4 c6 3. Nf3 e6 4. Nc3 Nf6 5. e3 Be7 6. Bd3 Nbd7 7. O-O O-O 8. b3 a6 9. Qc2 g6 10. Bb2 b5 11. c5 b4 12. Na4 a5 13. Qe2 Bb7 14. Rac1 Qc8 15. Ne5 Ba6 16. Nb6 Nxb6 17. cxb6 Bb7 18. Bb5 Nd7 19. Nxc6 Bxc6 20. b7 Bxb5 21. bxc8=Q Bxe2 22. Qxd7 Bxf1 23. Kxf1 Bf6 24. f3 Rad8 25. Qb5 Ra8 26. Ke2 Rfb8 27. Qd3 Be7 28. e4 dxe4 29. fxe4 Rd8 30. Qf3 f6 31. Rc7 Re8 32. Qh3 f5 33. exf5 exf5 34. Kf2 Rac8 35. Rxc8 Rxc8 36. Qd3 Bf6 37. a3 Kg7 38. axb4 axb4 39. Qd2 Rb8 40. d5 Bxb2 41. Qxb2+ Kg8 42. Qd4 Rc8 43. d6 Rc2+ 44. Kf3 Rc3+ 45. Kf4 Rc2 46. d7 1-0

[Event "4NCL Online Division 6"]
[Site "online"]
[Date "2021.03.23"]
[EventDate "2021.03.23"]
[Round "5.114"]
[White "Scully, Pat"]
[WhiteElo "1495"]
[WhiteTeam "Jan Luke's Cyberwarriors"]
[Black "Steele, Beatrice"]
[BlackElo "1612"]
[BlackTeam "Cornish Pirates"]
[Result "0-1"]
[PlyCount "48"]

1. e4 d5 2. Bb5+ c6 3. Ba4 dxe4 4. Nc3 Nf6 5. f3 exf3 6. Nxf3 Bg4 7. d4 Nbd7 8. h3 Bh5 9. Be3 e6 10. a3 Bd6 11. Bf2 O-O 12. Qd2 Qc7 13. O-O-O b5 14. g4 Bg6 15. Bb3 Ne4 16. Nxe4 Bxe4 17. Ng5 Bxh1 18. Rxh1 Nf6 19. Nxe6 fxe6 20. Bxe6+ Kh8 21. Bf5 Bf4 22. Be3 Nd5 23. Bxh7 Bxe3 24. Qxe3 Nxe3 0-1

[Event "4NCL Online Division 6"]
[Site "online"]
[Date "2021.03.23"]
[EventDate "2021.03.23"]
[Round "5.121"]
[White "Vann, Richard P"]
[WhiteElo "1829"]
[WhiteTeam "Ashby Ivanhoe"]
[Black "Thackray, John"]
[BlackElo "1916"]
[BlackTeam "St Andrews White Cross 1"]
[Result "0-1"]
[PlyCount "124"]

1. d4 d5 2. c4 e6 3. Nc3 Nf6 4. Bg5 Nbd7 5. Nf3 c6 6. e3 Qa5 7. cxd5 exd5 8. Bd3 Ne4 9. Bxe4 dxe4 10. Ne5 Nxe5 11. dxe5 Bb4 12. Rc1 O-O 13. Bf4 Bxc3+ 14. bxc3 Qxa2 15. O-O Qc4 16. Qd6 Be6 17. Rfd1 c5 18. Bg5 h6 19. Be7 Rfc8 20. h3 b5 21. Qa6 Qa4 22. Qxa4 bxa4 23. Bd6 Bb3 24. Rd2 Rd8 25. f4 exf3 26. gxf3 Rac8 27. Rg2 a3 28. c4 a5 29. f4 a2 30. Kh2 Bxc4 31. Rcg1 g6 32. f5 Bd3 33. fxg6 fxg6 34. Rxa2 c4 35. Rxa5 c3 36. Rc5 Rxc5 37. Bxc5 Kf7 38. Rc1 c2 39. Kg3 Rb8 40. Bd6 Rb1 41. Ba3 Ke6 42. h4 Kxe5 43. Kf3 Kf5 44. Kg3 Ke4 45. Kf2 g5 46. hxg5 hxg5 47. Rg1 Rxg1 48. Kxg1 Kf3 49. Bc1 g4 50. Kh2 Be4 51. Kg1 g3 52. Kf1 g2+ 53. Kg1 Ke2 54. Ba3 Kxe3 55. Bc1+ Ke2 56. Bf4 Kd1 57. Kf2 c1=Q 58. Bxc1 Kxc1 59. Kg1 Kd2 60. Kf2 Bd5 61. Kg1 Ke1 62. Kh2 Kf2 0-1

[Event "4NCL Online Division 6"]
[Site "online"]
[Date "2021.03.23"]
[EventDate "2021.03.23"]
[Round "5.122"]
[White "Rich, Aaron"]
[WhiteElo "1627"]
[WhiteTeam "St Andrews White Cross 1"]
[Black "Wilson, Andrew B"]
[BlackElo "1654"]
[BlackTeam "Ashby Ivanhoe"]
[Result "1/2-1/2"]
[PlyCount "199"]

1. b3 e5 2. Bb2 Nc6 3. e3 d5 4. Bb5 Bd6 5. Ne2 Nf6 6. O-O O-O 7. f4 exf4 8. Nxf4 a6 9. Bd3 Ne5 10. Nc3 Nxd3 11. cxd3 c6 12. h3 Be5 13. Rc1 Bd7 14. Qf3 Qa5 15. Rb1 d4 16. Ne4 Nxe4 17. Qxe4 f5 18. Qf3 dxe3 19. Bxe5 Qxe5 20. dxe3 Rae8 21. Rbe1 Be6 22. d4 Qa5 23. Re2 Re7 24. Rc1 Bd7 25. Rc5 Qd8 26. Nd3 Re4 27. Re5 Re8 28. Rxe4 fxe4 29. Qf1 exd3 30. Rd2 Rxe3 31. Rxd3 Qe7 32. Rd1 Be6 33. Qf4 Bd5 34. Qb8+ Qe8 35. Qf4 Re1+ 36. Rxe1 Qxe1+ 37. Kh2 Qe7 38. Qb8+ Kf7 39. Qf4+ Ke6 40. Qe5+ Kd7 41. Qf5+ Kc7 42. Qxh7 Qf6 43. Qd3 Qf4+ 44. Kg1 Qe4 45. Qg3+ Kb6 46. Qxg7 Qb1+ 47. Kh2 Qxa2 48. h4 Qxb3 49. h5 a5 50. h6 Bg8 51. h7 Bxh7 52. Qxh7 a4 53. Qh8 Ka5 54. Qa8+ Kb6 55. Qd8+ Kb5 56. Qc7 Kc4 57. Qd6 a3 58. Qe6+ Kc3 59. Qe3+ Kb2 60. Qd2+ Kb1 61. Qe1+ Ka2 62. Qc1 Qb2 63. Qc4+ Kb1 64. Qf1+ Kc2 65. Qe2+ Kc3 66. Qe3+ Kc4 67. Qe4 a2 68. Qe6+ Kb5 69. Qe5+ Kb6 70. Qc5+ Ka6 71. Qc4+ Ka5 72. Qc5+ b5 73. Qa7+ Kb4 74. Qe7+ Ka4 75. Qa7+ Kb3 76. Qf7+ Kc3 77. Qf3+ Kd2 78. Qf2+ Kc1 79. Qe1+ Kc2 80. Qf2+ Kb3 81. Qf7+ Kb4 82. Qe7+ Kc4 83. Qf7+ Kd3 84. Qf3+ Kc4 85. Qxc6+ Kd3 86. Qf3+ Kc2 87. Qe2+ Kb1 88. Qf1+ Kc2 89. Qe2+ Kc3 90. Qf3+ Kc4 91. Qc6+ Kd3 92. Qf3+ Kc4 93. Qc6+ Kb4 94. Qc5+ Ka5 95. Qa7+ Kb4 96. Qc5+ Ka4 97. Qa7+ Kb3 98. Qf7+ Kc3 99. Qf3+ Kd2 100. Qf2+ 1/2-1/2

[Event "4NCL Online Division 6"]
[Site "online"]
[Date "2021.03.23"]
[EventDate "2021.03.23"]
[Round "5.123"]
[White "Hayden, Lawrence F"]
[WhiteElo "1653"]
[WhiteTeam "Ashby Ivanhoe"]
[Black "Triffitt, Bradley"]
[BlackElo "1549"]
[BlackTeam "St Andrews White Cross 1"]
[Result "1-0"]
[PlyCount "135"]

1. e4 d5 2. exd5 Nf6 3. Bb5+ Bd7 4. Bc4 c6 5. dxc6 Nxc6 6. d4 Qb6 7. c3 Bg4 8. f3 Bf5 9. Ne2 e6 10. Ng3 Bg6 11. Qe2 O-O-O 12. Nd2 Bd6 13. Nde4 Bb8 14. Bg5 Rhe8 15. O-O-O Bc7 16. Nxf6 gxf6 17. Be3 Qa5 18. Ne4 f5 19. Nc5 Rd5 20. a3 Rdd8 21. Bg5 Ne7 22. Bb5 Nd5 23. Bxe8 Rxe8 24. Bd2 Qb6 25. Qc4 f4 26. Rhe1 Kd8 27. Qa4 Re7 28. Re2 Ne3 29. Be1 Nxd1 30. Bh4 Ne3 31. Bxe7+ Kxe7 32. Qd7+ Kf6 33. Ne4+ Bxe4 34. fxe4 Qb3 35. Rxe3 fxe3 36. Qxc7 e2 37. Qf4+ Ke7 38. Qd2 Qc4 39. Qe3 Qb5 40. b4 Qa4 41. Qxe2 Qxa3+ 42. Qb2 Qa6 43. Qf2 Qd3 44. Qc2 Qf1+ 45. Kb2 Qc4 46. e5 h6 47. Qe4 Qb5 48. Qh4+ Kd7 49. Qxh6 a5 50. Qf4 Qe2+ 51. Kb3 Qd1+ 52. Kc4 Qe2+ 53. Kc5 Qxg2 54. Qxf7+ Kd8 55. Qxe6 a4 56. Qd6+ Kc8 57. d5 Qf2+ 58. Kb5 a3 59. e6 Qf1+ 60. c4 Qf5 61. Qd7+ Kb8 62. Qd8+ Ka7 63. Qa5+ Kb8 64. Qxa3 Qf8 65. c5 Qf1+ 66. Kb6 Qa1 67. Qxa1 Kc8 68. Qa8# 1-0

[Event "4NCL Online Division 6"]
[Site "online"]
[Date "2021.03.23"]
[EventDate "2021.03.23"]
[Round "5.124"]
[White "Scott, Ian"]
[WhiteElo "1578"]
[WhiteTeam "St Andrews White Cross 1"]
[Black "Roberts, Neil J"]
[BlackElo "1318"]
[BlackTeam "Ashby Ivanhoe"]
[Result "1-0"]
[PlyCount "61"]

1. e4 c5 2. d4 cxd4 3. c3 Nc6 4. Nf3 e6 5. cxd4 a6 6. Be2 d6 7. O-O Nf6 8. Nc3 Qc7 9. Bf4 Be7 10. Rc1 Nh5 11. Be3 g6 12. d5 exd5 13. Nxd5 Qd7 14. Nb6 Qd8 15. Nxa8 Be6 16. Nb6 O-O 17. Nd4 Ng7 18. Nxc6 bxc6 19. Rxc6 Ne8 20. Bh6 Nc7 21. Bxf8 Bxf8 22. Qc2 Qg5 23. Rxc7 Bh3 24. Bf3 Be6 25. Rc1 Bxa2 26. Nd7 Be6 27. Nxf8 Kxf8 28. Qc3 Kg8 29. Ra7 h5 30. Ra8+ Kh7 31. Rh8# 1-0

[Event "4NCL Online Division 6"]
[Site "online"]
[Date "2021.03.23"]
[EventDate "2021.03.23"]
[Round "5.131"]
[White "Grose, Kameron"]
[WhiteElo "1574"]
[WhiteTeam "Barnet Knights C"]
[Black "Vadalia, Jainill"]
[BlackElo "1140"]
[BlackTeam "Phones Pals Rooks"]
[Result "0-1"]
[PlyCount "122"]

1. e4 e5 2. Nf3 Nc6 3. Bc4 Bc5 4. b4 Bxb4 5. c3 Bc5 6. d4 exd4 7. cxd4 Bb4+ 8. Kf1 h6 9. d5 Nce7 10. Qa4 Bc5 11. Ba3 Bxa3 12. Qxa3 d6 13. Nbd2 Nf6 14. Re1 O-O 15. e5 dxe5 16. Rxe5 Ng6 17. Re1 Nxd5 18. Qb3 Nb6 19. g3 Nxc4 20. Qxc4 Bf5 21. Kg2 Qd7 22. h4 Rfe8 23. Nd4 Rxe1 24. Rxe1 Rd8 25. Nxf5 Qxf5 26. Nf3 c5 27. Qb5 b6 28. Qa6 Nf4+ 29. gxf4 Qg4+ 30. Kf1 Qxf3 31. Kg1 Qg4+ 32. Kf1 Qxf4 33. Qxa7 Qxh4 34. Kg1 Qf6 35. Qc7 Rd2 36. Qg3 Rxa2 37. Re8+ Kh7 38. Qd3+ Qg6+ 39. Qxg6+ Kxg6 40. Rb8 Rb2 41. Kg2 c4 42. Kg3 c3 43. Rc8 c2 44. f4 b5 45. Kg4 h5+ 46. Kh4 f6 47. f5+ Kxf5 48. Kxh5 b4 49. Rc5+ Ke4 50. Kg6 b3 51. Kxg7 Rb1 52. Kxf6 c1=Q 53. Re5+ Kd4 54. Kf5 Qf1+ 55. Ke6 Re1 56. Rxe1 Qxe1+ 57. Kd7 b2 58. Kc6 b1=Q 59. Kd6 Qe5+ 60. Kd7 Qb7+ 61. Kd8 Qee7# 0-1